Para lograr el éxito se necesita una visión de gran alcance /
שמור ב:
| מחבר ראשי: | |
|---|---|
| פורמט: | Texto |
| תגים: |
הוספת תג
אין תגיות, היה/י הראשונ/ה לתייג את הרשומה!
|
MARC
| LEADER | 00000 a a2200000 04500 | ||
|---|---|---|---|
| 001 | 44558 | ||
| 003 | |||
| 040 | |||
| 100 | |a Messerlin, Patrick A. | ||
| 245 | |a Para lograr el éxito se necesita una visión de gran alcance / |c Patrick A. Messerlin | ||
| 773 | |g volumen42, número1 (2005), páginas 24-25 | ||
| 999 | |c 22159 |d 22159 | ||
